Tổ chức hệ thống thông tin quản lý nhân sự giáo dục của tỉnh Salavan nước CHDCND Lào
Cở sở lý luận về tổ chức hệ thống thông tin quản lý nhân sự giáo dục.Thực trạng và biện pháp tổ chức hệ thống thôngt tin quản lý nhân sự giáo dục của tỉnh SALAVAN nước CHDCND Lào
Saved in:
| Main Author: | |
|---|---|
| Other Authors: | |
| Format: | Book |
| Language: | Vietnamese |
| Published: |
Đà Nẵng
Đại học Đà Nẵng
2007
|
| Subjects: | |
| Tags: |
Add Tag
No Tags, Be the first to tag this record!
|
| Institutions: | Mạng thư viện Đại học Đà Nẵng |
|---|
| LEADER | 01648nam a2200349 4500 | ||
|---|---|---|---|
| 001 | 000010717 | ||
| 003 | 6930 | ||
| 005 | 20111219161222.0 | ||
| 008 | 111219s2007 viesd | ||
| 041 | |a vie | ||
| 072 | |a Luận văn Thạc sĩ Khoa học Giáo dục | ||
| 082 | |a 371.201 |b SO-P | ||
| 100 | |a Soulivanh Phanthavong | ||
| 245 | |a Tổ chức hệ thống thông tin quản lý nhân sự giáo dục của tỉnh Salavan nước CHDCND Lào |c Soulivanh Phanthavong ; Nguyễn Phúc Châu hướng dẫn | ||
| 260 | |a Đà Nẵng |b Đại học Đà Nẵng |c 2007 | ||
| 300 | |a 84tr. |c 29 cm | ||
| 500 | |a Luận văn Thạc sĩ Khoa học Giáo dục. Chuyên ngành: Quản lý Giáo dục. Mã số: 60.14.05 | ||
| 520 | |a Cở sở lý luận về tổ chức hệ thống thông tin quản lý nhân sự giáo dục.Thực trạng và biện pháp tổ chức hệ thống thôngt tin quản lý nhân sự giáo dục của tỉnh SALAVAN nước CHDCND Lào | ||
| 653 | |a Quản lý Giáo dục | ||
| 653 | |a Luận văn Thạc sĩ Khoa học Giáo dục | ||
| 653 | |a Quản lý nhân sự | ||
| 700 | |a Nguyễn Phúc Châu |c TS |e Hướng dẫn | ||
| OWN | |a LSP | ||
| AVA | |a UDN50 |b LSP |d 371.201 SO-P |e available |t Error 5001 Not defined in file expand_doc_bib_avail. |f 1 |g 0 |h N |i 0 |k 1 | ||
| 999 | |a From the UDN01 | ||
| AVA | |a UDN50 |b LSP |d 371.201 SO-P |e available |t Error 5001 Not defined in file expand_doc_bib_avail. |f 1 |g 0 |h N |i 0 |k 1 | ||
| TYP | |a Monograph | ||
| TYP | |a Printed language | ||
| 980 | |a Mạng thư viện Đại học Đà Nẵng | ||